000 00450nam a2200181Ia 4500
001 25060
005 20260414151125.0
008 260414t2005||||xx |||||||||||||| ||spa||
041 _aESP
082 _a346.13
_bG312
100 _aGaceta Jurídica
_eAUT
245 0 _aEl derecho registral :
_ben la jurisprudencia comentada
260 _c2005
300 _a718 páginas :
_c24 cm.
650 _aDER
654 _aCDE
942 _cLIB
_dJUS
_fJUS
_2ddc
_n
999 _c25060
_d25060